000 01125nam0a2200277 4500
001 RU\NLR\BIBL_A\012818956
005 20250128194045.0
035 _a(NLR Aleph) 012818956
090 _a13309999
_c13309999
100 _a20220615d1960 m y0rusy50 ca
101 0 _achv
102 _aRU
105 _aa z 000 y
181 0 _ai
_baxxe
182 0 _an
200 1 _aКролик ферминче
_e(Комсомольски районӗнчи " Красный Октябрь" колхозри кролик ферменчи ӗҫ опычӗ)
_fЛ. В. Таллеров
203 _aТекст
_bвизуальный
_cнепосредственный
210 _aШупашкар
_cЧӑваш АССР Гос. ид-ви
_d1960
215 _a25,[2] с.
_cил.
_d20
541 1 _aНа кролиководческой ферме
_e[из опыта работы колхоза "Красный Октябрь"]
_zrus
686 1 _aУ9(2)325.258-643.8
700 1 _aТаллеров
_bЛ. В.
_gЛаврентий Васильевич
_4070
852 _aNLR
_bОНЛ
_jЧув./2-2851
942 _cBOOK
980 _aNB